Statistiques concernant Dalida - À ma manière Paroles

Cliquez ici pour prendre le quiz!

Statistiques générales

  • Ce quiz a été pris 23 fois
  • Le résultat moyen est 184 sur 215

Statistiques - réponses

HintRéponse% Correct
à
100%
ma
100%
Couplet 2 | refrainMa
100%
ai
94%
de
94%
des
94%
est
94%
j'ai
94%
je
94%
la
94%
le
94%
manière
94%
me
94%
m'en
94%
nous
94%
on
94%
sa
94%
vie
94%
vie,
94%
couplet 1Avec
89%
Chacun
89%
elle
89%
et
89%
faux
89%
mais
89%
moi,
89%
moi
89%
n'en
89%
pas
89%
plis
89%
quand
89%
sans
89%
veux
89%
au
83%
ceux
83%
chanson
83%
en
83%
ferai
83%
histoires
83%
irai
83%
leur
83%
mieux
83%
mon
83%
n'est
83%
83%
porte
83%
que
83%
qui
83%
qu'une
83%
raconte
83%
soi
83%
vaut
83%
choisi
78%
cœur
78%
d'amour
78%
droit
78%
droit ,
78%
fond
78%
gloire
78%
j'en
78%
jour
78%
jours
78%
libre
78%
lois
78%
même
78%
m'ont
78%
soir
78%
vraiment
78%
faire
72%
finalement
72%
fous
72%
genou
72%
les
72%
ligne
72%
mauvais
72%
mis
72%
n'ai
72%
pluie
72%
quarantaine
72%
sous
72%
suivi
72%
un
72%
adieux
67%
l'autre
67%
mes
67%
par
67%
quelqu'un
67%
soleil
67%
voit
67%
beau
61%
dernier
61%
pour
61%
rappel
61%
tous
61%
tout
61%
y
61%
bonheur
56%
chagrins
56%
croire
56%
dans
56%
dessus
56%
rues,
56%
j'aimerais
50%
nom
50%
traine
50%
laissant
44%

Distribution des résultats

Percentile par nombre de réponses

% des personnes avec chaque résultat

Votre développement - résultats

Vous n’avez pas pris ce quiz